000 00699cam a22001934a 4500
005 20250605164336.0
008 250528s ||||||||||||||||||||||||d
035 _a23440
040 _aGR-AtMCL
_bgre
_dGR-AtMCL
_eAACR2
245 1 _aExperiences of Siblings of Individuals with Autism Spectrum Disorder Having Gone Through Psychotherapy/A Qualitative Study Using Interpretative Phenomenological Analysis
260 _c2017
300 _a71
520 _aAbstract, Introduction, Methodology, Analysis, Discussion, References, Appendices, Application Letter.
700 1 _aKourousi Aspasia
_99005
700 1 _aLamproukou Markella
_98963
942 _cDS
999 _c8450
_d8450